Family life, serie 2 Oxímoron
Gespeichert in:
| 1. Verfasser: | |
|---|---|
| Format: | Buch |
| Sprache: | Spanisch |
| Veröffentlicht: |
Santiago
Patricia Ready Galería
2012
|
| Ausgabe: | 1a. ed |
| Schlagworte: | |
| Tags: |
Tag hinzufügen
Keine Tags, Fügen Sie den ersten Tag hinzu!
|
MARC
| LEADER | 00000cam a2200000 a 4500 | ||
|---|---|---|---|
| 001 | UCC4650 | ||
| 003 | CL-VaPUC | ||
| 008 | 180817e20120000cl |||||||||||||||||spa|d | ||
| 082 | 0 | 4 | |a 709.83 |b LEY |2 21 |
| 100 | |a Leyton, Beatriz |e author |9 598865 | ||
| 245 | 1 | 0 | |a Family life, serie 2 Oxímoron |
| 250 | |a 1a. ed | ||
| 300 | |a 19 p | ||
| 942 | |c BK | ||
| 945 | |d 20180817 12:57:00 |a dcastane | ||
| 260 | |a Santiago |b Patricia Ready Galería |c 2012 | ||
| 650 | 0 | |a Arte conceptual |9 341272 | |
| 650 | 0 | |a Arte contemporáneo chileno |9 464579 | |
| 583 | |a last modification |c 20180817 12:57:00 |k Rodrigo Vera | ||
| 999 | |c 372102 |d 372100 | ||
| 952 | |0 0 |1 0 |3 erb |4 0 |6 709_830000000000000_LEY_2012 |7 0 |8 R |9 489367 |a BIBART |b BIBART |i 548815K |o 709.83 LEY 2012 |p 548815K |r 2025-03-13 |w 2019-11-24 |y BK_R |z Catalogado en:20180817 |k ART | ||